00301nam a2200109Ia 4500008004100000040001200041082001400053100004700067245002400114260004100138300001200179200103s9999||||xx |||||||||||||| ||und|| aIMU-MPC aColumn-42 aReintjes, J. Francis and Coate, Godfrry T. 0aPrinciples of Radar bMcGraw-Hill Book Company, Inc.c1952 axv, 985